Cidades Nordestinas com mais de 50000 hab - Statistics

Estatísticas Gerais
  • Esse quiz foi jogado 166 vezes
  • A pontuação média é 89 de 186
Estatísticas das Respostas
# C CIDADE UF POP % Correto
11 FS Feira de Santana BA 627.477
100%
2 F Fortaleza CE 2.669.342
100%
8 JP João Pessoa PB 809.015
100%
5 M Maceió AL 1.018.948
100%
6 N Natal RN 884.122
100%
3 R Recife PE 1.645.727
100%
1 S Salvador BA 2.953.986
100%
4 SL São Luís MA 1.101.884
100%
7 T Teresina PI 864.845
100%
10 A Aracaju SE 657.015
98%
12 CG Campina Grande PB 409.731
98%
9 JG Jaboatão dos Guararapes PE 702.298
98%
26 J Juazeiro BA 221.773
98%
21 JN Juazeiro do Norte CE 274.207
98%
13 O Olinda PE 392.482
98%
19 M Mossoró RN 297.378
97%
16 P Petrolina PE 349.145
97%
15 C Caruaru PE 361.118
95%
33 I Ilhéus BA 176.341
95%
28 S Sobral CE 208.935
95%
17 VC Vitória da Conquista BA 348.718
95%
20 C Camaçari BA 296.893
92%
27 I Itabuna BA 221.046
92%
25 A Arapiraca AL 231.747
91%
23 I Imperatriz MA 258.682
91%
14 C Caucaia CE 362.400
88%
41 P Parnaíba PI 153.078
86%
47 CE Crato CE 132.123
85%
36 J Jequié BA 162.209
85%
30 LF Lauro de Freitas BA 197.636
85%
18 P Paulista PE 331.774
83%
22 P Parnamirim RN 261.469
82%
32 SJR São José de Ribamar MA 177.687
82%
39 B Barreiras BA 157.638
80%
24 M Maracanaú CE 232.895
80%
43 G Garanhuns PE 139.788
79%
31 NSS Nossa Senhora do Socorro SE 183.628
79%
42 OS Porto Seguro BA 149.324
79%
37 TF Teixeira de Freitas BA 161.690
79%
34 T Timon MA 169.107
79%
44 VSA Vitória de Santo Antão PE 138.757
79%
29 CSA Cabo de Santo Agostinho PE 207.048
77%
50 C Codó MA 122.859
77%
60 L Lagarto SE 104.408
76%
58 P Patos PB 107.605
76%
40 A Alagoinhas BA 155.979
74%
52 PA Paulo Afonso BA 120.706
74%
74 Q Quixadá CE 87.728
74%
48 I Itapipoca CE 129.358
73%
35 C Caxias MA 164.880
71%
45 SR Santa Rita PB 136.589
71%
49 M Maranguape CE 128.978
70%
66 B Bayeux PB 96.880
68%
38 C Camaragibe PE 157.828
68%
56 A Açailândia MA 112.445
67%
92 P Picos PI 78.222
67%
55 SLM São Lourenço da Mata PE 113.230
67%
59 B Bacabal MA 104.949
62%
54 E Eunápolis BA 115.290
62%
61 SAJ Santo Antônio de Jesus BA 103.342
62%
69 B Balsas MA 94.887
61%
112 BJL Bom Jesus da Lapa BA 70.618
61%
63 SGA São Gonçalo do Amarante RN 102.400
61%
53 I Igarassu PE 117.019
59%
62 I Iguatu CE 102.498
59%
46 SF Simões Filho BA 136.050
58%
64 AL Abreu e Lima PE 99.990
56%
51 PL Paço do Lumiar MA 122.197
56%
86 Q Quixeramobim CE 81.082
56%
81 LEM Luís Eduardo Magalhães BA 83.557
53%
57 SCC Santa Cruz do Capibaribe PE 107.937
53%
72 SI Santa Inês MA 89.044
53%
78 G Gravatá PE 84.074
52%
76 ST Serra Talhada PE 86.350
52%
116 S Sousa PB 69.444
52%
166 B Barra BA 54.915
48%
99 C Crateús CE 75.074
48%
68 I Itabaiana SE 95.427
48%
106 PI Palmeira dos Índios AL 73.218
48%
98 RL Rio Largo AL 75.120
48%
70 SC São Cristóvão SE 90.072
48%
67 I Ipojuca PE 96.204
47%
101 I Irecê BA 74.483
47%
65 V Valença BA 98.749
47%
102 A Arcoverde PE 74.338
45%
77 A Araripina PE 84.418
44%
131 P Piripiri PI 63.742
44%
93 R Russas CE 78.194
44%
85 SB Senhor do Bonfim BA 81.218
44%
127 UP União dos Palmares AL 65.611
44%
147 F Floriano PI 59.935
42%
90 G Goiana PE 79.758
42%
121 I Icó CE 68.018
42%
111 C Caicó RN 70.952
41%
88 Dd'A Dias d'Ávila BA 80.657
41%
80 J Jacobina BA 83.635
41%
89 A Aquiraz CE 80.271
39%
139 C Cajazeiras PB 61.993
39%
71 C Candeias BA 89.707
39%
75 G Guanambi BA 86.808
39%
96 BJ Belo Jardim PE 76.439
36%
113 B Brumado BA 69.677
36%
122 C Cabedelo PB 67.736
36%
95 C Canindé CE 76.997
36%
79 C Carpina PE 83.641
36%
161 LN Limoeiro PE 56.250
36%
132 P Penedo AL 63.683
36%
144 S Salgueiro PE 60.930
36%
73 BC Barra do Corda MA 88.212
35%
185 BMD Brejo da Madre de Deus BA 50.752
35%
123 P Pesqueira PE 67.395
35%
117 E Estância SE 69.184
33%
109 P Pacajus CE 72.203
33%
100 A Aracati CE 74.547
32%
118 E Escada PE 68.875
32%
141 EC Euclides da Cunha BA 61.924
32%
125 H Horizonte CE 67.337
32%
149 LN Limoeiro do Norte CE 59.540
32%
115 O Ouricuri PE 69.459
32%
150 SBU São Bento do Una PE 59.504
32%
143 SMC São Miguel dos Campos AL 61.251
32%
103 CM Ceará-Mirim RN 73.497
30%
87 M Macaíba RN 80.792
30%
134 P Palmares PE 63.250
30%
97 T Tianguá CE 75.946
30%
107 SL Santa Luzia MA 72.667
29%
84 S Serrinha BA 83.088
29%
114 G Grajaú MA 69.527
27%
182 MD Marechal Deodoro AL 51.901
27%
105 CN Casa Nova BA 73.382
26%
183 ZD Zé Doca MA 51.714
26%
148 B Barbalha CE 59.732
24%
138 B Barreirinhas MA 62.528
24%
168 BV Boa Viagem CE 54.470
24%
119 CC Conceição do Coité BA 68.303
24%
180 DG Delmiro Gouveia AL 52.016
24%
135 M Moreno PE 62.784
24%
82 P Pacatuba CE 83.432
24%
83 P Pinheiro MA 83.387
24%
152 T Tauá CE 58.859
24%
155 A Assú RN 58.017
23%
130 CA Cruz das Almas BA 64.932
23%
153 G Guarabira PB 58.833
23%
129 S Surubim PE 65.089
23%
108 B Buriticupu MA 72.358
21%
110 C Cascavel CE 71.743
21%
94 I Itapetinga BA 77.533
21%
146 B Bezerros PE 60.798
20%
133 C Camocim CE 63.661
20%
176 S Sapé PB 52.625
20%
104 CF Campo Formoso BA 73.448
18%
91 C Chapadinha MA 79.675
18%
124 I Itamaraju BA 67.356
18%
120 IM Itapecuru-Mirim MA 68.203
18%
179 TB Tobias Barreto SE 52.191
18%
145 V Viçosa do Ceará CE 60.889
18%
157 C Coruripe AL 56.933
17%
126 I Itaberaba BA 66.806
17%
142 MN Morada Nova CE 61.890
17%
140 SAJ Santo Amaro BA 61.961
17%
173 T Timbaúba PE 53.022
17%
160 C Catu BA 56.459
15%
159 P Paudalho PE 56.506
15%
158 VG Vargem Grande MA 56.510
15%
154 B Buíque PE 58.378
14%
171 E Eusébio CE 53.618
14%
165 RP Ribeira do Pombal BA 54.965
14%
136 A Acaraú CE 62.641
12%
174 C Caetité BA 52.853
12%
181 MS Monte Santo BA 51.953
12%
172 B Beberibe CE 53.573
11%
156 CA Campo Alegre AL 57.063
11%
128 C Coroatá MA 65.296
11%
137 I Ipirá BA 62.631
11%
177 T Tucano BA 52.540
11%
178 V Viana MA 52.441
11%
167 G Granja CE 54.748
9%
175 I Itapajé CE 52.675
9%
164 T Trairi CE 55.918
9%
186 LP Lago da Pedra MA 50.266
8%
151 T Tutoia MA 58.860
8%
169 A Acopiara CE 54.270
6%
184 M Macaúbas BA 50.987
6%
170 SE Santo Estêvão BA 53.898
6%
163 A Araci BA 55.935
3%
162 J Jaguaquara BA 56.033
3%
Nenhum quiz correspondente encontrado
Distribuição das Pontuações
Porcentagem de Pessoas com Cada Pontuação
Percentil de Números Respondidos
Sua Pontuação Histórica
Você não jogou esse quiz